| 000 | 00434nam a2200157 i 4500 | ||
|---|---|---|---|
| 001 | 82330 | ||
| 003 | ES-MaACL | ||
| 005 | 20230906174645.0 | ||
| 007 | t| | ||
| 008 | 041108s1999 sp ||||1| spa d | ||
| 100 | 1 |
_aInfante, Juan. _965258 |
|
| 245 | 1 | 0 |
_aFechorías, sangre y lágrimas / _cJuan Infante. |
| 260 |
_aMadrid : _b[s.n.], _c1914 ( _fPrudencio Pérez de Velasco) |
||
| 300 |
_a123 p. ; _c19 cm. |
||
| 852 |
_aES-MaACL _jD-668 |
||
| 999 |
_c82330 _d82330 |
||